Countries without standing armies - Statistics

General Stats
  • This quiz has been taken 81 times
  • The average score is 16 of 22
Answer Stats
Country % Correct
Vatican City
89%
Andorra
87%
Monaco
84%
Marshall islands
83%
Palau
83%
Micronesia
82%
Vanuatu
80%
Iceland
79%
Kiribati
79%
Nauru
79%
Solomon Islands
79%
Tuvalu
79%
Liechtenstein
76%
Saint Vincent and the Grenadines
76%
Samoa
76%
Grenada
72%
Saint Lucia
71%
Dominica
70%
Costa Rica
61%
Haiti
58%
Mauritius
54%
Panama
41%
No matching quizzes found
Score Distribution
Percent of People with Each Score
Percentile by Number Answered
Your Score History
You have not taken this quiz